Kapitoly z diskrétní matematiky

Gespeichert in:
Bibliographische Detailangaben
Hauptverfasser: Matoušek, Jiří (Verfasst von), Nešetřil, Jaroslav (Verfasst von)
Format: Buch
Sprache:Tschechisch
Veröffentlicht: Praha : Karolinum, 2007
Ausgabe:3. vyd.
Schlagworte:
Tags: Tag hinzufügen
Keine Tags, Fügen Sie das erste Tag hinzu!

MARC

LEADER 00000nam a22000003a 4500
001 stu175514
005 20150617225559.5
008 081106s2007----xr------------------cze-d
020 |a 978-80-246-1411-3 
040 |a STU  |b slo 
041 0 |a cze 
044 |a xr 
080 |a 519.1 
100 1 |a Matoušek, Jiří  |4 aut 
245 1 |a Kapitoly z diskrétní matematiky 
250 |a 3. vyd. 
260 |a Praha :  |b Karolinum,  |c 2007 
300 |a 423 s 
650 7 |a kombinatorická analýza  |2 stusub 
650 7 |a teória grafov  |2 stusub 
700 1 |a Nešetřil, Jaroslav  |4 aut 
996 |b 284J034723  |c J*110523  |l JJST  |s P  |a 0  |w stu175514_0001